Online Public Access Catalogue

Hyperlipidaemia : (Record no. 1695)

MARC details
000 -LEADER
fixed length control field 00621pam a2200193 a 4500
020 ## - INTERNATIONAL STANDARD BOOK NUMBER
International Standard Book Number 0723609152 :
Terms of availability £49.50 (U.K.)
060 ## - NATIONAL LIBRARY OF MEDICINE CALL NUMBER
Classification number WD 200.5.H8 D965h
082 00 - DEWEY DECIMAL CLASSIFICATION NUMBER
Classification number 616.3997
Author Mark DRU
100 1# - MAIN ENTRY--PERSONAL NAME
Author Name Durrington, Paul N.
245 10 - TITLE STATEMENT
Title Hyperlipidaemia :
Subtitle diagnosis and management /
260 ## - PUBLICATION, DISTRIBUTION, ETC.
Place of publication, distribution, etc. London ;
-- Boston :
Name of publisher, distributor, etc. Wright,
Date of publication, distribution, etc. 1989.
300 ## - PHYSICAL DESCRIPTION
No of Pages x, 308 p., [4] p. of plates :
illustrations ill. (some col.) ;
Dimensions 25 cm.
504 ## - BIBLIOGRAPHY, ETC. NOTE
Bibliography, Index, etc. note Includes bibliographies and index.
650 #0 - SUBJECT ADDED ENTRY--TOPICAL TERM
Subject Hyperlipidemia.
650 #2 - SUBJECT ADDED ENTRY--TOPICAL TERM
Subject Hyperlipidemia
650 #2 - SUBJECT ADDED ENTRY--TOPICAL TERM
Subject Hyperlipidemia
Keywords IMDC
906 ## - LOCAL DATA ELEMENT F, LDF (RLIN)
a 7
b cbc
c orignew
d 1
e ocip
f 19
g y-gencatlg
942 ## - ADDED ENTRY ELEMENTS (KOHA)
Source of classification or shelving scheme
Koha item type Books
Holdings
Item status Home library Current library Shelving location Date acquired Total Checkouts Full call number Barcode Date last seen Koha item type
  Islamabad Medical and Dental College Islamabad Medical and Dental College Islamabad Medical and Dental College 16/03/2018   616.3997 DRU 2474 16/03/2018 Books

Copyright @ IMDC Library
Islamabad Medical and Dental College
Bhara Kahu, Islamabad

  Contact the Librarian, IMDC
  Email:: library@imdcollege.edu.pk

  OPAC Customized by
  Mazhar Hussain,
  Librarian:
  Islamabad Medical and Dental College
  Email:: library@imdcollege.edu.pk